<?xml version="1.0" encoding="UTF-8"?><?xml-stylesheet type="text/xsl" href="static/style.xsl"?><OAI-PMH xmlns="http://www.openarchives.org/OAI/2.0/" xmlns:xsi="http://www.w3.org/2001/XMLSchema-instance" xsi:schemaLocation="http://www.openarchives.org/OAI/2.0/ http://www.openarchives.org/OAI/2.0/OAI-PMH.xsd"><responseDate>2026-04-14T02:50:26Z</responseDate><request verb="GetRecord" identifier="oai:www.recercat.cat:10256/10694" metadataPrefix="marc">https://recercat.cat/oai/request</request><GetRecord><record><header><identifier>oai:recercat.cat:10256/10694</identifier><datestamp>2024-06-14T10:01:48Z</datestamp><setSpec>com_2072_452955</setSpec><setSpec>com_2072_2054</setSpec><setSpec>col_2072_453067</setSpec></header><metadata><record xmlns="http://www.loc.gov/MARC21/slim" xmlns:dcterms="http://purl.org/dc/terms/" xmlns:xsi="http://www.w3.org/2001/XMLSchema-instance" xmlns:doc="http://www.lyncode.com/xoai" xsi:schemaLocation="http://www.loc.gov/MARC21/slim http://www.loc.gov/standards/marcxml/schema/MARC21slim.xsd">
   <leader>00925njm 22002777a 4500</leader>
   <datafield ind2=" " ind1=" " tag="042">
      <subfield code="a">dc</subfield>
   </datafield>
   <datafield ind2=" " ind1=" " tag="720">
      <subfield code="a">Soler i Masferrer, Narcís</subfield>
      <subfield code="e">author</subfield>
   </datafield>
   <datafield ind2=" " ind1=" " tag="260">
      <subfield code="c">1991</subfield>
   </datafield>
   <datafield ind2=" " ind1=" " tag="520">
      <subfield code="a">A lithic industry based on the use of chipped flint has been located in Bruguera (Liagostera, el Gironès, Catalonia, Spain). Due to its typological characteristics, especially for the number and morphology of its burins, it can be attributed to evolved Aurignacian. It has parallels with the lithic industry of Cal Coix (Maçanet de la Selva) and with Occitan and Breton sites, although this Aurignacian is different from the one which is known and well dated in the cave of l'Arbreda (Serinya, el Pla de l'Estany)</subfield>
   </datafield>
   <datafield ind2=" " ind1=" " tag="520">
      <subfield code="a">Descripció de la indústria lítica trobada al jaciment del paleolític superior de Bruguera ( Llagostera, al Gironès, Catalunya, Espanya). Per les seves característiques tipològiques, especialment per el nombre i la morfologia dels seus burins, la indústria lítica es pot atribuir a l'Aurinyacià evolucionat. Té paral·lelismes amb la indústria lítica de Cal Coix (Maçanet de la Selva) i amb llocs occitans i bretons, encara que aquest Aurinyacià és diferent de la cultura aurinyaciana coneguda i ben datada a la cova de l'Arbreda (Serinyà , al Pla de l'Estany)</subfield>
   </datafield>
   <datafield ind1="8" ind2=" " tag="024">
      <subfield code="a">http://hdl.handle.net/10256/10694</subfield>
   </datafield>
   <datafield tag="653" ind2=" " ind1=" ">
      <subfield code="a">Bruguera (LLagostera, Catalunya : Jaciment Arqueològic)</subfield>
   </datafield>
   <datafield tag="653" ind2=" " ind1=" ">
      <subfield code="a">Bruguera (LLagostera, Catalonia : Archaeological site)</subfield>
   </datafield>
   <datafield tag="653" ind2=" " ind1=" ">
      <subfield code="a">Paleolític superior -- Catalunya -- Llagostera</subfield>
   </datafield>
   <datafield tag="653" ind2=" " ind1=" ">
      <subfield code="a">Paleolithic period -- Catalonia -- Llagostera</subfield>
   </datafield>
   <datafield tag="653" ind2=" " ind1=" ">
      <subfield code="a">Aurinyacià -- Catalunya -- Llagostera</subfield>
   </datafield>
   <datafield tag="653" ind2=" " ind1=" ">
      <subfield code="a">Aurignacian culture  -- Catalonia -- Llagostera</subfield>
   </datafield>
   <datafield tag="653" ind2=" " ind1=" ">
      <subfield code="a">Utensilis de pedra -- Catalunya -- Llagostera</subfield>
   </datafield>
   <datafield tag="653" ind2=" " ind1=" ">
      <subfield code="a">Stone implements -- Catalonia -- Llagostera</subfield>
   </datafield>
   <datafield ind2="0" ind1="0" tag="245">
      <subfield code="a">El jaciment del paleolític superior de Bruguera (Llagostera, el Gironès)</subfield>
   </datafield>
</record></metadata></record></GetRecord></OAI-PMH>